000
00232nam a2200097Ia 4500
005
20250424120219.0
008
250424s9999 xx 000 0 und d
050
_a
Aflacom digest
260
_a
Africa Multilingual Services
650
_a
SR
999
_c
38035
_d
38035